| 000 | 00559nam a22001577a 4500 | ||
|---|---|---|---|
| 999 |
_c531796 _d531796 |
||
| 020 | _qHard Cover. | ||
| 082 | _a658 | ||
| 100 | _aMuhammad Suhail Rizwan | ||
| 245 |
_aAn Empirical Investigation on the Wealth Protection Function of Corporate Social Responsibility (CSR) _cMuhammad Suhail Rizwan |
||
| 260 |
_aIslamabad : _bNBS - NUST, _c2017. |
||
| 300 |
_axi, 183 p. : ill. ; _c30cm. |
||
| 942 |
_2ddc _cTHE |
||
| 650 |
_aPh. D Thesis Management Sciences. _924872 |
||
| 700 |
_aDr. Asfia Obaid. _917675 |
||